Jaké daně od roku 1993?

Prehľad daní, ktoré sú platné pre agrárno-potravinársky komplex v roku 1991 a návrh daní na rok 1993. Zákon o dani z pridanej hodnoty, ktorá nahradí súčasnú daň z obratu. Zákon o cestnej dani na vozidlá v podnikateľskej činnosti.

Guardado en:
Detalles Bibliográficos
Autor principal: Kolaja, F.
Formato: Capítulo de libro
Lenguaje:checo
Materias:
Etiquetas: Agregar Etiqueta
Sin Etiquetas, Sea el primero en etiquetar este registro!

MARC

LEADER 00000naa a2200000 4500
001 r004487
005 20221125075820.1
041 0 |a cze 
044 |a [CS] 
245 1 0 |a Jaké daně od roku 1993?  |c F. Kolaja 
520 |a Prehľad daní, ktoré sú platné pre agrárno-potravinársky komplex v roku 1991 a návrh daní na rok 1993. Zákon o dani z pridanej hodnoty, ktorá nahradí súčasnú daň z obratu. Zákon o cestnej dani na vozidlá v podnikateľskej činnosti. 
610 2 0 |a dane z hodnoty pridanej 
610 2 0 |a komplex poľnohospodársko-potravinársky 
610 2 0 |a 1993 
610 2 0 |a 1991 
610 2 0 |a dane z obratu 
610 2 0 |a ČSFR 
610 2 0 |a dane poľnohospodárske 
100 1 |a Kolaja, F.